US States Latitude Test - Statistics

General Stats
  • This quiz has been taken 37 times
  • The average score is 6 of 15
Answer Stats
Question Answer % Correct
Illinois to Vermont False
89%
Alaska to Maine False
78%
Arkansas to Virginia False
78%
Massachusetts to Oregon True
78%
Michigan to Washington True
67%
Nevada to South Carolina True
67%
Wyoming to West Virginia False
56%
Florida to California False
33%
Connecticut to Minnesota False
22%
Rhode Island to New Jersey True
22%
Washington to New Hampshire False
11%
Oklahoma to Kentucky True
11%
California to Rhode Island True
11%
New Mexico to Kentucky True
11%
Iowa to Maine True
11%
No matching quizzes found
Score Distribution
Percent of People with Each Score
Percentile by Number Answered
Your Score History
You have not taken this quiz